000 00587nam a2200157 i 4500
001 31364
003 ES-MaACL
007 t|
008 030129s1983 sp ||||1| spa d
100 1 _aBendicho Joven, José Pascual.
_927480
245 1 0 _aManual de programación para obras públicas y construcción
_b: camino crítico PERT-C.P.M. /
_cJosé Pascual Bendicho Joven.
260 _aMadrid :
_bRueda,
_c1983.
300 _a2 v. ;
_c25 cm.
505 8 _aContiene: Primera parte: Planificación y costos. -- Segunda parte: Programación y control
852 _aES-MaACL
_jL-8506-7
_bR.108537
999 _c31364
_d31364